| 000 | 00685nam a2200229 a 4500 | ||
|---|---|---|---|
| 003 | SISC | ||
| 005 | 20170131090338.0 | ||
| 008 | 120903s19uu xx 00 eng d | ||
| 020 | _a9781111530372 | ||
| 050 |
_aHF 5413 _b.D34 2011 |
||
| 100 | _aDahlstrom, Robert. | ||
| 245 |
_aGreen marketing management / _cRobert Dahlstrom. |
||
| 250 | _aInternational sutdent edition. | ||
| 260 |
_aMason, Ohio : _bSouth-Western / Cengage Learning, _c2011. |
||
| 300 |
_a334 pages : _billustrations ; _c26 cm. |
||
| 500 | _aInlcude index | ||
| 650 | _aGreen marketing | ||
| 650 |
_aProduct management _xEnvironmental aspects |
||
| 942 |
_cBK _2lcc _kFOR |
||
| 999 |
_c25296 _d25296 |
||